[Event "Kamen - Meschede"]
[Site "?"]
[Date "2024.03.17"]
[Round "7.3"]
[White "Weber, Andre"]
[Black "Himmel, Hansjoerg"]
[Result "1/2-1/2"]
[WhiteElo "2026"]
[BlackElo "2217"]
[PlyCount "82"]
[EventDate "2024.??.??"]
[SourceVersionDate "2023.09.25"]

1. Nf3 Nf6 2. g3 e6 3. Bg2 d5 4. O-O c5 5. d4 Nc6 6. b3 cxd4 7. Nxd4 Bd7 8. Bb2 Rc8 9. Nd2 Nxd4 10. Bxd4 Bc5 11. Bb2 O-O 12. e4 Bb5 13. c4 dxc4 14. Nxc4 Bxc4 15. bxc4 Qxd1 16. Raxd1 Ng4 17. Rc1 Rfd8 18. Rc2 Rd3 19. h3 Nxf2 20. Rfxf2 Rcd8 21. Kh2 Bxf2 22. Rxf2 Rd2 23. Rxd2 Rxd2 24. Bc1 Rc2 25. Be3 Rxc4 26. Bxa7 Ra4 27. Bc5 Rxa2 28. g4 b5 29. Kg3 Rc2 30. Bd6 f6 31. Bf1 Rc6 32. e5 fxe5 33. Bxe5 Kf7 34. Kf4 b4 35. Bd3 Rc1 36. Bxh7 Rf1+ 37. Kg5 b3 38. h4 Re1 39. Kf4 Rf1+ 40. Kg5 Re1 41. Kf4 Rf1+ 1/2-1/2

[Event "Kamen - Meschede"]
[Site "?"]
[Date "2024.03.17"]
[Round "7.4"]
[White "Seepe, Udo"]
[Black "Hollmann, Bert"]
[Result "1/2-1/2"]
[WhiteElo "2099"]
[BlackElo "2111"]
[PlyCount "21"]
[EventDate "2024.??.??"]
[SourceVersionDate "2023.09.25"]

1. c4 Nf6 2. g3 e5 3. Bg2 Bc5 4. Nc3 Nc6 5. e3 a6 6. Nge2 d6 7. O-O O-O 8. d4 Ba7 9. h3 Rb8 10. b3 Bd7 11. a4 1/2-1/2

[Event "Kamen - Meschede"]
[Site "?"]
[Date "2024.03.17"]
[Round "7.5"]
[White "Dyballa, Gerhard"]
[Black "Zeitz, Max"]
[Result "1-0"]
[WhiteElo "1931"]
[BlackElo "1996"]
[PlyCount "59"]
[EventDate "2024.??.??"]
[SourceVersionDate "2023.09.25"]

1. c4 c5 2. Nc3 g6 3. g3 Bg7 4. Bg2 Nc6 5. Nf3 Nf6 6. O-O O-O 7. d4 cxd4 8. Nxd4 a6 9. Nc2 Qc7 10. e4 e5 11. c5 Ne7 12. Be3 Rd8 13. Qd6 Qxd6 14. cxd6 Nc6 15. Bb6 Re8 16. Rad1 Bh6 17. f4 Bg7 18. Ne3 h6 19. Ned5 Nxd5 20. Nxd5 Rf8 21. f5 h5 22. Bh3 g5 23. f6 Bh6 24. Ne7+ Kh8 25. Nxc8 g4 26. Ne7 gxh3 27. Rf5 Kh7 28. Rxh5 Nxe7 29. dxe7 Rfe8 30. Be3 1-0

[Event "Kamen - Meschede"]
[Site "?"]
[Date "2024.03.17"]
[Round "7.6"]
[White "Koch, Marcel"]
[Black "Kampert, Andreas"]
[Result "1/2-1/2"]
[WhiteElo "1928"]
[BlackElo "1941"]
[PlyCount "27"]
[EventDate "2024.??.??"]
[SourceVersionDate "2023.09.25"]

1. d4 Nf6 2. c4 e6 3. Nf3 d5 4. Nc3 c5 5. Bg5 Be7 6. e3 O-O 7. Be2 Nc6 8. O-O cxd4 9. Nxd4 Nxd4 10. Qxd4 Bd7 11. Rfd1 Bc6 12. Bf3 Qc8 13. cxd5 Nxd5 14. Bxe7 1/2-1/2

[Event "Kamen - Meschede"]
[Site "?"]
[Date "2024.03.17"]
[Round "7.7"]
[White "Schubert, Gerhard"]
[Black "Neumann, Carsten"]
[Result "0-1"]
[WhiteElo "1954"]
[BlackElo "2103"]
[PlyCount "214"]
[EventDate "2024.??.??"]
[SourceVersionDate "2023.09.25"]

1. d4 g6 2. Nf3 Bg7 3. e4 d6 4. Bc4 c6 5. c3 Nf6 6. e5 dxe5 7. Nxe5 O-O 8. O-O Nd5 9. f4 Nd7 10. Qe2 N7f6 11. Nd2 Qd6 12. Ndf3 c5 13. Bd2 Nh5 14. g3 a6 15. a4 cxd4 16. Nxd4 e6 17. Rad1 b6 18. Bc1 Bb7 19. Ndf3 Qc5+ 20. Qf2 Qc7 21. Be2 Nhf6 22. Nd2 Rfd8 23. Bf3 Bf8 24. Nb3 b5 25. axb5 axb5 26. Be3 Nxe3 27. Qxe3 Nd5 28. Qf2 Be7 29. Rd2 Nf6 30. Rfd1 Bd5 31. Bxd5 Rxd5 32. Rxd5 Nxd5 33. Qd4 Ra2 34. Ng4 Bf8 35. Rd2 Bg7 36. Qf2 Qc4 37. Nd4 b4 38. cxb4 Qxb4 39. Nf3 Rxb2 40. Rxb2 Bxb2 41. Nge5 Qb3 42. Qa7 Qd1+ 43. Kg2 Qc2+ 44. Kh3 Qf5+ 45. Kg2 Bc3 46. h4 h6 47. Qb8+ Kg7 48. Nd7 Bb4 49. Qe5+ Qxe5 50. Ndxe5 Bd6 51. Nc4 Bc5 52. Kh3 f6 53. Nfd2 Bd4 54. Nf3 Bc3 55. Kg2 Kf7 56. Kf2 h5 57. Ke2 Bb4 58. Kd3 Ne7 59. Ke2 Bc5 60. Ncd2 Nf5 61. Ne4 Bb6 62. Kf1 Bc7 63. Kf2 Ke7 64. Nfd2 e5 65. fxe5 Bxe5 66. Nc4 Bc7 67. Kf3 Ke6 68. Ncd2 Nd4+ 69. Ke3 Bb6 70. Nc4 Ba7 71. Kf4 Nc6 72. Ncd2 Bb8+ 73. Kf3 Kf5 74. Nf2 Nd4+ 75. Kg2 Ne2 76. Nf1 Ba7 77. Kf3 Nd4+ 78. Kg2 Nc6 79. Kf3 Ne5+ 80. Kg2 Bb6 81. Nd1 Nd3 82. Kf3 Ne5+ 83. Kg2 Nc4 84. Kf3 Bd4 85. Kg2 g5 86. hxg5 fxg5 87. Kf3 Bc5 88. Nf2 Bd6 89. Nd1 g4+ 90. Kg2 Bc5 91. Nc3 Bb4 92. Nd5 Bc5 93. Nc3 Ke5 94. Ne2 Kf5 95. Nc3 Bd6 96. Kf2 Be5 97. Nd1 Ke4 98. Kg2 Kd3 99. Nf2+ Ke2 100. Ne4 Na3 101. Nc5 Nc2 102. Ne4 Ne1+ 103. Kg1 Bd4+ 104. Kh2 Kxf1 105. Nd2+ Ke2 106. Ne4 Be5 107. Kh1 Kf3 0-1

[Event "Werther - Hemer "]
[Site "?"]
[Date "2024.03.17"]
[Round "7.1"]
[White "Bagrationi, Alexander"]
[Black "Haskenhoff, Jan"]
[Result "1/2-1/2"]
[WhiteElo "2439"]
[BlackElo "2154"]
[PlyCount "88"]
[EventDate "2024.??.??"]
[SourceVersionDate "2023.09.25"]

1. d4 Nf6 2. c4 g6 3. Nc3 d5 4. cxd5 Nxd5 5. e4 Nxc3 6. bxc3 Bg7 7. Bb5+ Bd7 8. Qb3 c5 9. Ne2 cxd4 10. Bxd7+ Qxd7 11. cxd4 Nc6 12. Be3 O-O 13. Rd1 Rfc8 14. O-O Na5 15. Qd3 Nc4 16. Bc1 b5 17. d5 Ne5 18. Qb3 Rc4 19. f4 Ng4 20. e5 a5 21. Qf3 Nh6 22. Be3 Rd8 23. h3 Rc2 24. Nd4 Rxa2 25. e6 fxe6 26. dxe6 Qe8 27. Nc6 Rc8 28. Rd7 Nf5 29. Bc5 Rc2 30. Rfd1 Bd4+ 31. Bxd4 R2xc6 32. Ba1 Rxe6 33. Qd5 Qf7 34. Rd8+ Rxd8 35. Qxd8+ Qf8 36. Qd5 Qc8 37. g4 Ng7 38. f5 gxf5 39. gxf5 Nxf5 40. Re1 Ne3 41. Qf3 Qc5 42. Kh1 Qc2 43. Rg1+ Rg6 44. Qxe3 Qc6+ 1/2-1/2

[Event "Werther - Hemer "]
[Site "?"]
[Date "2024.03.17"]
[Round "7.2"]
[White "Goecke, Karl Ulrich"]
[Black "Voicu-Jagodzinsky, Carmen"]
[Result "0-1"]
[WhiteElo "2143"]
[BlackElo "2202"]
[PlyCount "94"]
[EventDate "2024.??.??"]
[SourceVersionDate "2023.09.25"]

1. d4 Nf6 2. Nf3 e6 3. g3 c5 4. Bg2 cxd4 5. O-O d5 6. Nxd4 e5 7. Nb3 Be7 8. c4 d4 9. e3 d3 10. Nc3 Nc6 11. e4 a5 12. Nd5 a4 13. Be3 Nxd5 14. exd5 Nb4 15. Nc5 Nc2 16. Nxd3 Nxa1 17. Nxe5 O-O 18. c5 Bf6 19. f4 Re8 20. Bd4 b6 21. d6 bxc5 22. Bxc5 Bxe5 23. fxe5 Ra5 24. Bd4 Raxe5 25. Bxe5 Rxe5 26. Qxa1 Qxd6 27. Qd1 Qb6+ 28. Kh1 Bb7 29. Bxb7 Qxb7+ 30. Qf3 Re4 31. Rf2 Qd5 32. Kg2 h6 33. h3 g6 34. Kh2 f5 35. a3 h5 36. h4 Qe5 37. Kg2 Kg7 38. Rc2 f4 39. Rf2 Qe6 40. gxf4 Re3 41. f5 Rxf3 42. fxe6 Rxf2+ 43. Kxf2 Kf6 44. Ke3 Kxe6 45. Ke4 Kf6 46. Kf4 g5+ 47. hxg5+ Kg6 0-1

[Event "Werther - Hemer "]
[Site "?"]
[Date "2024.03.17"]
[Round "7.3"]
[White "Runte, Moritz"]
[Black "Henkemeier, Markus"]
[Result "1/2-1/2"]
[WhiteElo "2169"]
[BlackElo "2050"]
[PlyCount "113"]
[EventDate "2024.??.??"]
[SourceVersionDate "2023.09.25"]

1. e4 c6 2. d4 d5 3. exd5 cxd5 4. Bd3 Nc6 5. c3 Qc7 6. Ne2 Nf6 7. Bf4 Qb6 8. Qb3 Qxb3 9. axb3 Nh5 10. O-O Nxf4 11. Nxf4 e6 12. Re1 Kd8 13. Bf1 Bd6 14. Nd3 Rb8 15. b4 a6 16. Nd2 Bd7 17. f4 h6 18. Nf3 Rg8 19. g3 g5 20. Nfe5 Be8 21. Kf2 gxf4 22. gxf4 Nxe5 23. Nxe5 Be7 24. Ke3 Bh4 25. Red1 Ke7 26. Bh3 Bb5 27. Rg1 Rbf8 28. Nf3 Bf6 29. Rg3 Rg6 30. Rag1 Rfg8 31. Bg4 R6g7 32. Bh5 Kf8 33. Ne5 Be8 34. Bf3 Bh4 35. Rg4 Be7 36. R1g3 f5 37. Rxg7 Rxg7 38. Rh3 Rh7 39. Nd3 b6 40. Be2 h5 41. Rg3 Bd8 42. Ne5 a5 43. bxa5 bxa5 44. Ba6 Rg7 45. b3 Rxg3+ 46. hxg3 h4 47. gxh4 Bxh4 48. Bc8 Ke7 49. Bd7 Bh5 50. Ba4 Be1 51. c4 dxc4 52. bxc4 Be8 53. Bb3 a4 54. Ba2 a3 55. Ke2 Bc3 56. Kd3 Be1 57. Ke2 1/2-1/2

[Event "Werther - Hemer "]
[Site "?"]
[Date "2024.03.17"]
[Round "7.4"]
[White "Hufendiek, Ekkehard"]
[Black "Leonard, Timo"]
[Result "0-1"]
[WhiteElo "1906"]
[BlackElo "2191"]
[PlyCount "90"]
[EventDate "2024.??.??"]
[SourceVersionDate "2023.09.25"]

1. e4 e6 2. d4 d5 3. e5 c5 4. c3 Nc6 5. Nf3 Bd7 6. dxc5 Bxc5 7. Bd3 Nge7 8. Bg5 Qc7 9. Bxe7 Bxe7 10. Qe2 g5 11. h3 h5 12. Nbd2 O-O-O 13. O-O-O g4 14. hxg4 hxg4 15. Nh2 Nxe5 16. Nxg4 Nxd3+ 17. Qxd3 Rxh1 18. Rxh1 e5 19. Ne3 Be6 20. Kb1 Kb8 21. Nb3 Qd7 22. Rh5 Qc7 23. Nf5 Bf8 24. Qg3 Rc8 25. Ng7 Bd7 26. Rh1 f6 27. Ka1 a5 28. Nh5 Qb6 29. Qf3 a4 30. Qxf6 Qc7 31. Nd2 a3 32. Nb1 axb2+ 33. Kxb2 d4 34. Qf3 Qa5 35. cxd4 Be6 36. a3 Qb5+ 37. Ka1 Qc4 38. Nc3 exd4 39. Qg3+ Ka8 40. Rh4 Qxc3+ 41. Qxc3 dxc3 42. Ra4+ Kb8 43. Kb1 c2+ 44. Kc1 Bb3 45. Ra5 b6 0-1

[Event "Werther - Hemer "]
[Site "?"]
[Date "2024.03.17"]
[Round "7.5"]
[White "Xue, Luka"]
[Black "Prochnow, Malte"]
[Result "1-0"]
[WhiteElo "2155"]
[BlackElo "1957"]
[PlyCount "51"]
[EventDate "2024.??.??"]
[SourceVersionDate "2023.09.25"]

1. d4 Nf6 2. c4 e5 3. e3 exd4 4. exd4 Bb4+ 5. Bd2 Bxd2+ 6. Qxd2 O-O 7. Bd3 Re8+ 8. Ne2 d5 9. cxd5 Nxd5 10. O-O Nd7 11. Nbc3 N7f6 12. Ng3 Qd6 13. Rae1 Bd7 14. Bb1 Nxc3 15. bxc3 b5 16. f3 Nd5 17. Ne4 Qc6 18. Nc5 f5 19. a4 Kh8 20. axb5 Qd6 21. c4 Nb6 22. Qd3 c6 23. Nxd7 Nxd7 24. bxc6 Rxe1 25. Rxe1 Qb4 26. Re6 1-0

[Event "Werther - Hemer "]
[Site "?"]
[Date "2024.03.17"]
[Round "7.6"]
[White "Ortpaul, Mario"]
[Black "Jagodzinsky, Andreas"]
[Result "0-1"]
[WhiteElo "1959"]
[BlackElo "2168"]
[PlyCount "24"]
[EventDate "2024.??.??"]
[SourceVersionDate "2023.09.25"]

1. c4 e5 2. g3 c6 3. Bg2 Nf6 4. Nc3 d5 5. cxd5 cxd5 6. Qb3 Nc6 7. Nxd5 Nd4 8. Nxf6+ Qxf6 9. Qd1 Bf5 10. Bxb7 Bc2 11. Bxa8 Bxd1 12. Kxd1 Qxf2 0-1

[Event "Werther - Hemer "]
[Site "?"]
[Date "2024.03.17"]
[Round "7.7"]
[White "Hofmann, Benjamin"]
[Black "Schwartz, Florian"]
[Result "1-0"]
[WhiteElo "1887"]
[BlackElo "1881"]
[PlyCount "103"]
[EventDate "2024.??.??"]
[SourceVersionDate "2023.09.25"]

1. e4 e5 2. Nf3 Nc6 3. Bc4 Bc5 4. c3 Nf6 5. d3 h6 6. Nbd2 d6 7. O-O O-O 8. a4 a5 9. Re1 Bb6 10. Nf1 Bg4 11. h3 Be6 12. Bb3 Qd7 13. Be3 Bxe3 14. Nxe3 Rfe8 15. Bc2 d5 16. Qe2 d4 17. Nf1 g6 18. Ng3 Qd6 19. Nh4 Ne7 20. Qd2 Kg7 21. Nf3 c5 22. Nh4 Qd7 23. f4 exf4 24. Qxf4 Nc6 25. Rf1 Nh7 26. Nhf5+ Bxf5 27. exf5 g5 28. Nh5+ Kf8 29. Qg3 Re3 30. Rf3 Rae8 31. Raf1 Qd5 32. Bd1 Qe5 33. Qxe5 R8xe5 34. f6 Ke8 35. Ng7+ Kd7 36. Bb3 Rxf3 37. Rxf3 Nd8 38. Kf2 Kc6 39. cxd4 cxd4 40. Nf5 h5 41. Nxd4+ Kb6 42. Nb5 Nf8 43. Nd6 Kc5 44. Nxf7 Nxf7 45. Bxf7 Kb4 46. b3 Kc3 47. Bxh5 Kd2 48. Kg3 Rd5 49. Bf7 Rd4 50. Bc4 b6 51. Rf5 Rd6 52. f7 1-0

[Event "Herford - Kamen"]
[Site "?"]
[Date "2024.04.14"]
[Round "8.1"]
[White "Luetke, Jens"]
[Black "Loemker, Michael"]
[Result "0-1"]
[WhiteElo "2153"]
[BlackElo "2122"]
[PlyCount "88"]
[EventDate "2024.??.??"]
[SourceVersionDate "2023.09.25"]

1. e4 g6 2. d4 Bg7 3. f4 d6 4. Nf3 Nf6 5. e5 dxe5 6. fxe5 Nd5 7. c4 Nb6 8. Nc3 O-O 9. c5 Nd5 10. Bc4 Be6 11. Qb3 Nxc3 12. Bxe6 c6 13. bxc3 fxe6 14. Qxb7 Qd7 15. Rb1 Qd5 16. O-O Nd7 17. c4 Qe4 18. Re1 Qf5 19. Rb3 Rad8 20. Qxc6 Bxe5 21. dxe5 Nxe5 22. Qa6 Nd3 23. Rxd3 Rxd3 24. Be3 e5 25. h3 Rxe3 26. Rxe3 e4 27. Qc6 exf3 28. Qd5+ e6 29. Rxe6 f2+ 30. Kf1 Rf7 31. Qxf5 Rxf5 32. Rc6 a5 33. a4 Kf7 34. Rc7+ Ke6 35. g4 Rf4 36. Ra7 Rxc4 37. Rxa5 Rc2 38. Ra7 h5 39. Ra6+ Ke5 40. Rxg6 Kf4 41. Kg2 hxg4 42. Rxg4+ Ke3 43. Rg5 Rc1 44. Re5+ Kf4 0-1

[Event "Herford - Kamen"]
[Site "?"]
[Date "2024.04.14"]
[Round "8.2"]
[White "Quelle, Helmut"]
[Black "Weidemann, Christian"]
[Result "1/2-1/2"]
[WhiteElo "2060"]
[BlackElo "2203"]
[PlyCount "42"]
[EventDate "2024.??.??"]
[SourceVersionDate "2023.09.25"]

1. Nf3 Nf6 2. g3 g6 3. Bg2 Bg7 4. c4 c6 5. O-O O-O 6. d4 d5 7. cxd5 cxd5 8. Ne5 Ng4 9. Nxg4 Bxg4 10. Nc3 Nc6 11. h3 Bd7 12. e3 e6 13. b3 Re8 14. Bb2 Ne7 15. Qd2 Nf5 16. Rfd1 Rc8 17. Ne2 Nd6 18. Rac1 Ne4 19. Rxc8 Qxc8 20. Qd3 Nd6 21. Rc1 Bb5 1/2-1/2

[Event "Herford - Kamen"]
[Site "?"]
[Date "2024.04.14"]
[Round "8.3"]
[White "Himmel, Hansjoerg"]
[Black "Schalt, Guideon"]
[Result "1-0"]
[WhiteElo "2186"]
[BlackElo "1859"]
[PlyCount "53"]
[EventDate "2024.??.??"]
[SourceVersionDate "2023.09.25"]

1. e4 c5 2. Nf3 d6 3. Bb5+ Nc6 4. O-O a6 5. Bxc6+ bxc6 6. h3 e5 7. c3 Nf6 8. Re1 Be7 9. d4 cxd4 10. cxd4 Qc7 11. dxe5 dxe5 12. Bd2 Nd7 13. Nc3 f6 14. Qc2 g5 15. Nd5 Qd6 16. Bb4 c5 17. Ba5 Kf7 18. Rad1 Qc6 19. h4 g4 20. Nh2 h5 21. Nf1 Nf8 22. Nfe3 Ne6 23. Nf5 Bf8 24. Bc3 Ra7 25. Nxf6 Kxf6 26. Bxe5+ Kxe5 27. Qc3+ 1-0

[Event "Herford - Kamen"]
[Site "?"]
[Date "2024.04.14"]
[Round "8.5"]
[White "Georg, Felix"]
[Black "Besler, Mattis Bernd"]
[Result "1-0"]
[WhiteElo "2034"]
[BlackElo "1985"]
[PlyCount "91"]
[EventDate "2024.??.??"]
[SourceVersionDate "2023.09.25"]

1. c4 Nf6 2. Nc3 c6 3. e4 e5 4. Nf3 d6 5. d4 Nbd7 6. g3 g6 7. Bg2 Bg7 8. O-O O-O 9. Re1 Re8 10. d5 Nb6 11. b3 c5 12. Nd2 Nh5 13. Bf3 Nf6 14. a3 Bh3 15. Nf1 h5 16. Bg5 Qd7 17. Be2 Nh7 18. Be3 Qe7 19. b4 Nd7 20. Nd2 Rac8 21. Nb3 b6 22. bxc5 Nxc5 23. Nxc5 bxc5 24. Rb1 f5 25. f3 f4 26. Bf2 Qg5 27. Nb5 fxg3 28. hxg3 Qe7 29. Kh2 Bd7 30. Nxa7 Ra8 31. Nc6 Bxc6 32. dxc6 Nf6 33. Rb7 Qf8 34. Qd3 Ra6 35. c7 Rc8 36. Reb1 Rc6 37. R1b6 R8xc7 38. Rb8 Rxb6 39. Rxb6 Rd7 40. Kg2 Qd8 41. Qb3 Qe7 42. Be3 Ne8 43. a4 Ra7 44. Qb5 Qc7 45. Qxe8+ Kh7 46. Rb8 1-0

[Event "Herford - Kamen"]
[Site "?"]
[Date "2024.04.14"]
[Round "8.6"]
[White "Vogt, Hamid"]
[Black "Kilian, Ralf"]
[Result "1/2-1/2"]
[WhiteElo "2069"]
[BlackElo "2073"]
[PlyCount "28"]
[EventDate "2024.??.??"]
[SourceVersionDate "2023.09.25"]

1. e4 e6 2. d4 d5 3. exd5 exd5 4. c4 Nf6 5. Nc3 Bb4 6. Nf3 O-O 7. Be2 Ne4 8. Qb3 Bxc3+ 9. bxc3 dxc4 10. Bxc4 Nc6 11. Qc2 Bg4 12. Be3 Re8 13. Nd2 Nxd2 14. Qxd2 Bf5 1/2-1/2

[Event "Herford - Kamen"]
[Site "?"]
[Date "2024.04.14"]
[Round "8.7"]
[White "Bui, Hoan Tam"]
[Black "Vogt, Milad"]
[Result "1/2-1/2"]
[WhiteElo "1848"]
[BlackElo "1935"]
[PlyCount "120"]
[EventDate "2024.??.??"]
[SourceVersionDate "2023.09.25"]

1. e4 c6 2. d4 d5 3. exd5 cxd5 4. c4 Nf6 5. Nc3 Nc6 6. Nf3 Bg4 7. cxd5 Nxd5 8. Qb3 Bxf3 9. gxf3 Nb6 10. d5 Nd4 11. Qd1 Nf5 12. Bb5+ Nd7 13. O-O a6 14. Ba4 g6 15. Re1 h6 16. d6 e6 17. Nd5 Bxd6 18. Bxd7+ Kxd7 19. Be3 Nxe3 20. Nxe3 Qg5+ 21. Kf1 Qb5+ 22. Kg1 Qg5+ 23. Kf1 Qb5+ 24. Re2 Rhd8 25. a4 Qh5 26. Ng4 Qh3+ 27. Ke1 Ke7 28. Qd4 a5 29. Qf6+ Kf8 30. Rxe6 Bb4+ 31. Ke2 Kg8 32. Rc1 Re8 33. Rxe8+ Rxe8+ 34. Kd3 Qh5 35. Rc7 Qd5+ 36. Kc2 Re2+ 37. Kb1 Qd1+ 38. Rc1 Qd3+ 39. Ka1 Qd7 40. Nxh6+ Kh7 41. Nxf7 Qxa4+ 42. Kb1 Qe8 43. Rg1 Re1+ 44. Rxe1 Qxe1+ 45. Ka2 Qe8 46. Kb3 Be7 47. Qe6 Qb5+ 48. Kc2 Qf5+ 49. Qxf5 gxf5 50. Ne5 Kh6 51. Kd3 Kg5 52. b3 Bb4 53. Ke3 Bc5+ 54. Ke2 Kh4 55. Nd3 Bb6 56. Nf4 Bc7 57. Nd5 Bxh2 58. f4 Kg4 59. Ke3 b5 60. f3+ Kg3 1/2-1/2

[Event "Herford - Kamen"]
[Site "?"]
[Date "2024.04.14"]
[Round "8.8"]
[White "Fischer, Eckhard"]
[Black "Koch, Marcel"]
[Result "1-0"]
[WhiteElo "1862"]
[BlackElo "1929"]
[PlyCount "101"]
[EventDate "2024.??.??"]
[SourceVersionDate "2023.09.25"]

1. e4 d5 2. exd5 Qxd5 3. Nc3 Qa5 4. d4 Nf6 5. Bc4 Bf5 6. Bd2 c6 7. Qe2 e6 8. O-O-O Nbd7 9. Nf3 Qc7 10. Nh4 Bg6 11. Nxg6 hxg6 12. d5 cxd5 13. Nxd5 Nxd5 14. Bxd5 O-O-O 15. Bf3 Nf6 16. Qb5 Bc5 17. Bxb7+ Qxb7 18. Qxc5+ Kb8 19. Bf4+ Ka8 20. Qc7 Qxc7 21. Bxc7 Rc8 22. Be5 Ng4 23. Bg3 Nf6 24. Rd4 Rh5 25. Re1 Rhc5 26. c3 Nd5 27. f3 R8c6 28. Rh4 Nf6 29. Rd1 Rc8 30. Rd6 g5 31. Ra4 R5c6 32. Rxc6 Rxc6 33. Rb4 Rc8 34. Kd2 Nd5 35. Ra4 Kb7 36. Rd4 f6 37. c4 Nb6 38. b3 e5 39. Rd3 Kc6 40. Bf2 Nd7 41. b4 Ra8 42. a4 Nf8 43. b5+ Kc7 44. Kc3 Ne6 45. Be3 g6 46. c5 Ng7 47. c6 Nf5 48. Rd7+ Kc8 49. Bf2 a6 50. Bb6 axb5 51. Rd8# 1-0

[Event "Hemer - Paderborn"]
[Site "?"]
[Date "2024.04.14"]
[Round "8.1"]
[White "Moeller, Maurin"]
[Black "Bagrationi, Alexander"]
[Result "1/2-1/2"]
[WhiteElo "2260"]
[BlackElo "2437"]
[PlyCount "76"]
[EventDate "2024.??.??"]
[SourceVersionDate "2023.09.25"]

1. e4 c5 2. c3 d5 3. exd5 Qxd5 4. d4 Nc6 5. Nf3 Nf6 6. Be2 e6 7. O-O Be7 8. Be3 cxd4 9. cxd4 O-O 10. Nc3 Qd8 11. Qb3 Na5 12. Qc2 b6 13. Ne5 Bb7 14. Rfd1 Rc8 15. Rac1 Nd5 16. Qd3 Nxe3 17. Qxe3 a6 18. Bd3 b5 19. Be4 b4 20. Na4 Rxc1 21. Rxc1 Bg5 22. f4 Bxf4 23. Bxh7+ Kxh7 24. Qxf4 Qf6 25. Qg3 Qh6 26. Rd1 f6 27. Ng4 Qh5 28. Nc5 Bd5 29. b3 f5 30. Nf2 Qe2 31. h4 Rf6 32. Nd7 Rh6 33. Nf8+ Kg8 34. Ng6 Nc6 35. Rc1 Kh7 36. Nf8+ Kg8 37. Ng6 Kh7 38. Nf8+ Kg8 1/2-1/2

[Event "Hemer - Paderborn"]
[Site "?"]
[Date "2024.04.14"]
[Round "8.2"]
[White "Voicu-Jagodzinsky, Carmen"]
[Black "Kesselmeier, Kevin"]
[Result "1-0"]
[WhiteElo "2228"]
[BlackElo "2032"]
[PlyCount "119"]
[EventDate "2024.??.??"]
[SourceVersionDate "2023.09.25"]

1. e4 c5 2. Nf3 d6 3. d4 cxd4 4. Nxd4 Nf6 5. Nc3 a6 6. Qd3 Nc6 7. Be2 Nxd4 8. Qxd4 e5 9. Qd3 Be6 10. Bg5 Rc8 11. O-O Be7 12. Rad1 O-O 13. Rfe1 Qb6 14. Bc1 Rfd8 15. Nd5 Nxd5 16. exd5 Bd7 17. c4 f5 18. Be3 Qc7 19. f4 e4 20. Qb3 Bf6 21. Bb6 Qb8 22. Kh1 Rf8 23. a4 Bd8 24. a5 Bxb6 25. axb6 Rc5 26. Qc3 a5 27. Ra1 Qd8 28. b4 axb4 29. Qxb4 Qh4 30. g3 Qf6 31. Red1 g5 32. Qd2 g4 33. Ra3 Re8 34. Kg2 h5 35. h3 Kg7 36. Rh1 Kg6 37. Kf2 Rcc8 38. Kg2 Ra8 39. Qa2 Qh8 40. Ra7 Rab8 41. Qa3 Qf6 42. h4 Rec8 43. Qa1 Rc5 44. Qxf6+ Kxf6 45. Rha1 Ke7 46. Kf2 Kd8 47. Ke3 Be8 48. Kd4 Bd7 49. R1a5 Rxa5 50. Rxa5 Ke7 51. c5 dxc5+ 52. Ke5 Re8 53. Rxc5 Kd8+ 54. Kd6 Rh8 55. Rc7 Rh6+ 56. Kc5 Bc8 57. Bb5 e3 58. Rg7 Rh8 59. d6 e2 60. Re7 1-0

[Event "Hemer - Paderborn"]
[Site "?"]
[Date "2024.04.14"]
[Round "8.3"]
[White "Schlangenotto, Niklas"]
[Black "Runte, Moritz"]
[Result "1/2-1/2"]
[WhiteElo "2027"]
[BlackElo "2166"]
[PlyCount "72"]
[EventDate "2024.??.??"]
[SourceVersionDate "2023.09.25"]

1. e4 e5 2. Nf3 Nc6 3. d4 exd4 4. Bc4 Nf6 5. e5 d5 6. Bb5 Ne4 7. Nxd4 Bc5 8. Be3 O-O 9. Nxc6 bxc6 10. Bxc5 Nxc5 11. Bxc6 Rb8 12. Qxd5 Qe7 13. O-O Rd8 14. Qf3 Ne6 15. Qe3 Ba6 16. Re1 Rxb2 17. Be4 Nd4 18. Nc3 Nxc2 19. Bxc2 Rxc2 20. Rad1 Bc4 21. Rxd8+ Qxd8 22. Rd1 Qf8 23. Ne4 h6 24. Qxa7 Bd5 25. Ng3 Bxa2 26. Qa4 Qc5 27. Rd8+ Kh7 28. Qe4+ g6 29. h3 Qxf2+ 30. Kh2 c6 31. Nh5 Qxg2+ 32. Qxg2 Rxg2+ 33. Kxg2 gxh5 34. Rd6 h4 35. Kf3 Be6 36. Kf4 Bxh3 1/2-1/2

[Event "Hemer - Paderborn"]
[Site "?"]
[Date "2024.04.14"]
[Round "8.4"]
[White "Leonard, Timo"]
[Black "Brockhoff, Moritz"]
[Result "0-1"]
[WhiteElo "2194"]
[BlackElo "1998"]
[PlyCount "64"]
[EventDate "2024.??.??"]
[SourceVersionDate "2023.09.25"]

1. d4 Nf6 2. c4 e6 3. Nc3 Bb4 4. e3 c5 5. Bd3 d5 6. Nge2 dxc4 7. Bxc4 Nc6 8. a3 Bxc3+ 9. bxc3 O-O 10. O-O Na5 11. Bd3 b6 12. Ng3 Bb7 13. Bb2 Qe7 14. Qe2 Rfd8 15. Rad1 Rac8 16. Rfe1 Bc6 17. e4 Ba4 18. Rb1 cxd4 19. cxd4 Nb3 20. e5 Nd5 21. Qg4 Nc3 22. Nh5 g6 23. Nf6+ Kg7 24. Qh4 h6 25. Bxc3 Rxc3 26. d5 exd5 27. Re3 Nc5 28. Rh3 Rh8 29. Qd4 Rxd3 30. Rxd3 Nxd3 31. Ng4 Bc2 32. e6+ f6 0-1

[Event "Hemer - Paderborn"]
[Site "?"]
[Date "2024.04.14"]
[Round "8.5"]
[White "Hoette, Moritz"]
[Black "Xue, Luka"]
[Result "0-1"]
[WhiteElo "2076"]
[BlackElo "2165"]
[PlyCount "86"]
[EventDate "2024.??.??"]
[SourceVersionDate "2023.09.25"]

1. d4 d5 2. c4 c6 3. cxd5 cxd5 4. Nc3 Nf6 5. Nf3 Nc6 6. Bf4 a6 7. e3 Bg4 8. h3 Bh5 9. Be2 e6 10. O-O Bd6 11. Bxd6 Qxd6 12. a3 O-O 13. b4 b5 14. Nd2 Bxe2 15. Qxe2 Rac8 16. Rfc1 e5 17. dxe5 Nxe5 18. Nf3 Rc4 19. Nd2 Rc6 20. f4 Nc4 21. Nxc4 Rxc4 22. Qd3 Re8 23. Rd1 h6 24. Nxd5 Nxd5 25. Qxd5 Qb6 26. Rd4 Rxe3 27. Qd8+ Qxd8 28. Rxd8+ Kh7 29. Rd6 Re2 30. Kh2 Rxf4 31. Rxa6 Rff2 32. Rg1 f5 33. Ra5 Ra2 34. h4 Kg6 35. Kh3 Kh5 36. Kg3 f4+ 37. Kh3 g5 38. hxg5 hxg5 39. Rxb5 Rxa3+ 40. g3 Rff3 41. Kh2 Rxg3 42. Rb1 Kg4 43. Rc5 Ra8 0-1

[Event "Hemer - Paderborn"]
[Site "?"]
[Date "2024.04.14"]
[Round "8.6"]
[White "Jagodzinsky, Andreas"]
[Black "Sicker, Rolf"]
[Result "1-0"]
[WhiteElo "2173"]
[BlackElo "2027"]
[PlyCount "29"]
[EventDate "2024.??.??"]
[SourceVersionDate "2023.09.25"]

1. d4 d5 2. Nf3 Nf6 3. c3 e6 4. Bf4 Bd6 5. Ne5 O-O 6. e3 Nbd7 7. Nd2 Re8 8. Bd3 Nf8 9. g4 N6d7 10. g5 c5 11. Nxf7 Kxf7 12. Bxd6 Qxg5 13. Nf3 Qf6 14. Rg1 Ng6 15. Ng5+ 1-0

[Event "Hemer - Paderborn"]
[Site "?"]
[Date "2024.04.14"]
[Round "8.7"]
[White "Stirnberg, Noah"]
[Black "Trinh, Fabian Dat"]
[Result "1/2-1/2"]
[WhiteElo "1930"]
[BlackElo "1941"]
[PlyCount "64"]
[EventDate "2024.??.??"]
[SourceVersionDate "2023.09.25"]

1. e4 e5 2. Nf3 Nc6 3. Bb5 a6 4. Ba4 Nf6 5. O-O Be7 6. Re1 b5 7. Bb3 d6 8. h3 Na5 9. Nc3 O-O 10. Nd5 Nxd5 11. Bxd5 c6 12. Bb3 Nxb3 13. axb3 f5 14. d4 fxe4 15. Rxe4 Bf5 16. Re3 e4 17. Nh2 d5 18. f4 Bd6 19. Rc3 Bd7 20. g3 Qb6 21. Re3 Kh8 22. Kg2 c5 23. c3 cxd4 24. cxd4 Rac8 25. Rc3 Bb4 26. Rxc8 Rxc8 27. Be3 h6 28. Rc1 Rxc1 29. Qxc1 Qc6 30. Qxc6 Bxc6 31. Nf1 Kg8 32. Bd2 Bd6 1/2-1/2